000 00548nam a2200169Ia 4500
008 190425s9999 xx 000 0 und d
100 _aOcampo, Karl R.
245 _aCalls mount for NFA abolition/
245 _cKarl R. Ocampo, Armand Galang, Tonette Orejas, Nathan Alcantara, Pathricia Ann V. Roxas, Julie M. Aurelio
260 _bPhilippine Daily Inquirer
260 _c2018
300 _aSeptember 01
440 _aPhilippine Daily Inquirer
650 _aimport quotas -- agriculture
650 _arice imports
650 _atariff rates
999 _c361654
_d361654